000 00417 a2200085 4500
999 _c20790
_d20790
003 WA 310
005 20211229093546.0
008 211229s2002 pl a|||f u||| 000 0 pol d
020 _a8323679975
040 _aWA 310
_cWA 310
041 _apol
_heng
245 0 0 _aMetody pomiarów nadajników radiowych - Część 14: Zewnętrzne produkty intermodulacji spowodowane pracą dwóch lub więcej nadajników wykorzystujących tę samą lub sąsiadujące ze sobą anteny =
_bMethods of measurement for radio transmitters - Part 14: External intermodulation products caused by two or more transmitters using the same or adjacent antennas (IEC 60244-14:1997) PN-EN 60244-14:2002P /
_cNKP nr 11.
246 1 3 _aPN-EN 60244-14
246 1 3 _aICS 33.060.20
246 1 3 _aPolska Norma
246 3 1 _aMethods of measurement for radio transmitters - Part 14: External intermodulation products caused by two or more transmitters using the same or adjacent antennas (IEC 60244-14:1997)
260 _aWarszawa :
_bPKN,
_c2002.
300 _a23 stron :
_bilustracje ;
_c30 cm.
336 _2rdacontent
_aTekst
_btxt
337 _2rdamedia
_aBez urządzenia pośredniczącego
_bn
338 _2rdacarrier
_aWolumin
_bnc
500 _aWprowadza EN 60244-14:1997, IDT, IEC 60244-14:1997, IDT ; Zatwierdzona 6 maja 2002 r.
500 _aNorma Europejska EN 60244-14:1997 ma status Polskiej Normy.
590 _6Status: wycofana.
710 _91107
_aPolska.
_bPolski Komitet Normalizacyjny.
_eInstytucja sprawcza
_eWydawca
920 _a83-236-7997-5
942 _2ddc
_cBK